Toward computer aided development of parallel compilers running on transputer architecture
In this paper we state requirements for a software environment for computer aided development of parallel compilers executable on transputers. The structure of a compiler-compiler which generates parallel compilers from attribute grammar specifications is described. Problems of distributed attribute...
Elmentve itt :
| Szerző: | |
|---|---|
| Dokumentumtípus: | Cikk |
| Megjelent: |
1995
|
| Sorozat: | Acta cybernetica
12 No. 1 |
| Kulcsszavak: | Számítástechnika, Kibernetika |
| Tárgyszavak: | |
| Online Access: | http://acta.bibl.u-szeged.hu/12545 |
| LEADER | 01132nab a2200217 i 4500 | ||
|---|---|---|---|
| 001 | acta12545 | ||
| 005 | 20220613134144.0 | ||
| 008 | 161015s1995 hu o 0|| eng d | ||
| 022 | |a 0324-721X | ||
| 040 | |a SZTE Egyetemi Kiadványok Repozitórium |b hun | ||
| 041 | |a eng | ||
| 100 | 1 | |a Toczki János | |
| 245 | 1 | 0 | |a Toward computer aided development of parallel compilers running on transputer architecture |h [elektronikus dokumentum] / |c Toczki János |
| 260 | |c 1995 | ||
| 300 | |a 95-106 | ||
| 490 | 0 | |a Acta cybernetica |v 12 No. 1 | |
| 520 | 3 | |a In this paper we state requirements for a software environment for computer aided development of parallel compilers executable on transputers. The structure of a compiler-compiler which generates parallel compilers from attribute grammar specifications is described. Problems of distributed attribute evaluation using dynamic load balancing are discussed. | |
| 650 | 4 | |a Természettudományok | |
| 650 | 4 | |a Számítás- és információtudomány | |
| 695 | |a Számítástechnika, Kibernetika | ||
| 856 | 4 | 0 | |u http://acta.bibl.u-szeged.hu/12545/1/cybernetica_012_numb_001_095-106.pdf |z Dokumentum-elérés |